Piyar ka Pehla Shehar / (Record no. 523343)

000 -LEADER
fixed length control field 00378nam a2200145Ia 4500
005 - DATE AND TIME OF LATEST TRANSACTION
control field 20190131150611.0
008 - FIXED-LENGTH DATA ELEMENTS--GENERAL INFORMATION
fixed length control field 190125s9999 xx 000 0 und d
040 ## - CATALOGING SOURCE
Transcribing agency DLC
082 ## - DEWEY DECIMAL CLASSIFICATION NUMBER
Classification number 891.4393
Author Mark HUS
100 ## - MAIN ENTRY--PERSONAL NAME
Personal name Mustansar Hussain Tarar
9 (RLIN) 9703
245 ## - TITLE STATEMENT
Title Piyar ka Pehla Shehar /
260 ## - PUBLICATION, DISTRIBUTION, ETC.
Name of publisher, distributor, etc. Sang e Meel Publications
Place of publication, distribution, etc. Lahore
Date of publication, distribution, etc. 2012
300 ## - PHYSICAL DESCRIPTION
Extent 262p. :
942 ## - ADDED ENTRY ELEMENTS (KOHA)
Source of classification or shelving scheme
Koha item type Book
Holdings
Withdrawn status Lost status Source of classification or shelving scheme Damaged status Not for loan Permanent Location Current Location Date acquired Total Checkouts Total Renewals Full call number Barcode Checked out Date last seen Date last checked out Price effective from Koha item type
          Central Library (CL) Central Library (CL) 01/31/2019 8 5 891.4393 HUS NIT-12068 03/19/2023 02/17/2023 02/17/2023 01/31/2019 Book
© 2023 Central Library, National University of Sciences and Technology. All Rights Reserved.